| 000 | 00803nam a22002657a 4500 | ||
|---|---|---|---|
| 001 | 200461003 | ||
| 003 | TR-AnTOB | ||
| 005 | 20240612095943.0 | ||
| 008 | 240612b tu ||||| |||| 00| 0 tur d | ||
| 020 | _a9786056943805 | ||
| 040 |
_aTR-AnTOB _beng _erda _cTR-AnTOB |
||
| 041 |
_atur _beng |
||
| 092 |
_a808.06832 _bFOU 2019 |
||
| 100 | _qFouruz, Rita Jahan. | ||
| 245 |
_aŞiraz’ın bilge kalbi / _cRita Jahan-Fouruz ; çizen: Vali Mintzi ; İngilizceden çeviren: Çağıl Baykara . |
||
| 250 | _a1. bs. | ||
| 260 |
_aİstanbul : _bVidhata Yayınları, _c2019. |
||
| 300 |
_bill. ; _c25 cm. |
||
| 336 |
_atext _btxt _2rdacontent |
||
| 337 |
_aunmediated _bn _2rdamedia |
||
| 338 |
_avolume _bnc _2rdacarrier |
||
| 942 |
_2ddc _cBK |
||
| 999 |
_c200461003 _d79215 |
||